Contributi psicologici del laboratorio di psicologia sperimentale della R. Universita di Roma. (Record no. 47126)

MARC details
000 -LEADER
campo de control de longitud fija 00425nam a2200145 i 4500
001 - NÚMERO DE CONTROL
campo de control 47126
003 - IDENTIFICADOR DE NÚMERO DE CONTROL
campo de control ES-MaACL
007 - CAMPO FIJO DE DESCRIPCIÓN FÍSICA--INFORMACIÓN GENERAL
campo de control de longitud fija t|
008 - DATOS DE LONGITUD FIJA--INFORMACIÓN GENERAL
campo de control de longitud fija 030403s1917 it ||||1| ita d
245 00 - MENCIÓN DEL TÍTULO
Título Contributi psicologici del laboratorio di psicologia sperimentale della R. Universita di Roma.
260 ## - PUBLICACIÓN, DISTRIBUCIÓN, ETC.
Lugar de publicación, distribución, etc. Roma :
Nombre del editor, distribuidor, etc. Presso el laboratorio,
Fecha de publicación, distribución, etc. 1917.
300 ## - DESCRIPCIÓN FÍSICA
Extensión 1 v. ;
Dimensiones 24 cm.
500 ## - NOTA GENERAL
Nota general Es el V. III.
852 ## - LOCALIZACIÓN
Ubicación ES-MaACL
Número de control de estantería G-13812
Holdings
Estatus retirado Estado de pérdida Estado de daño No para préstamo Biblioteca de origen Biblioteca actual Ubicación en estantería Fecha de adquisición Fuente de adquisición Total de préstamos Signatura topográfica completa Código de barras Visto por última vez Precio de reemplazo Tipo de ítem Koha
        Biblioteca del Ateneo de Madrid Biblioteca del Ateneo de Madrid Sala Pecera Planta 3 17/01/2008     G-13812 1049569 23/02/2023 23/02/2023 Libro impreso